000
00305nam a2200133Ia 4500
100
_a
Kaufman/M/ Seidman/A.H
250
_a
2
942
_c
RB
654
_a
handbook
245
_a
Handbook of electronic calculation
260
_b
McGraw Hill
_a
New York
_c
1988
082
_a
621.381
_b
KAU
546
_a
ENGLISH
999
_c
27372
_d
27372